Suncorp Super Netball - General Knowledge Quiz - Statistics

General Stats
  • This quiz has been taken 231 times
  • The average score is 8 of 15
Answer Stats
Question Answer % Correct
Which team won the 2018 Suncorp Super Netball Grand Final? Lightning
72%
Which player got the most amount of defensive rebounds? Courtney Bruce
66%
Which star-studded team failed to impress this year even though a majority of the team are current or ex Aussie Diamond players? Magpies
66%
In the 2018 Suncorp Super Netball season, which team had the most amount of international imports? Thunderbirds
65%
Which player had the most goal assists? Liz Watson
64%
Which team finished 7th in the 2017 and season then completely flipped the switch and ended finishing 2nd in the 2018 season and also hosting their first ever grand final? Fever
62%
Which team finished the regular season as the minor premiers? Giants
62%
Which player had the most deflections? Geva Mentor
56%
Which player got the most amount of offensive rebounds? Romelda Aiken
56%
Which player got the most amount of goals? Jhaniele Fowler
53%
Which player had the most goal attempts? Jhaniele Fowler
53%
Who was awarded the MVP of the grand final 2018? Caitlin Bassett
46%
In the current resigning period, who was the missing piece in the Sunshine Coast Lightning's puzzle after the departure of Aussie Diamond shooter Caitlin Bassett? Peace Proscovia
33%
Which player had the most intercepts? Karla Pretorius
31%
Which player had the most centre pass receives? Madi Robinson
15%
No matching quizzes found
Score Distribution
Percent of People with Each Score
Percentile by Number Answered
Your Score History
You have not taken this quiz